[Event "Oberliga Ost B"]
[Site "?"]
[Date "2022.03.05"]
[Round "8.4"]
[White "Akbarinia, Sayed Arash"]
[Black "Kirschbaum, Gunnar"]
[Result "1-0"]
[WhiteElo "2377"]
[BlackElo "2041"]
[PlyCount "71"]
[EventDate "2021.10.10"]
[EventType "team-tourn"]
[EventCountry "GER"]
[WhiteTeam "Oberursel SV"]
[BlackTeam "Erfurt SV Medizin"]
[WhiteTeamCountry "GER"]
[BlackTeamCountry "GER"]

1. Nf3 Nf6 2. c4 g6 3. g3 Bg7 4. Bg2 O-O 5. O-O d6 6. Nc3 e5 7. Rb1 a5 8. Re1
Nbd7 9. b3 Nc5 10. d4 Ncd7 11. dxe5 dxe5 12. Ba3 Re8 13. Qc2 Bf8 14. Bxf8 Kxf8
15. Rbd1 c6 16. Ng5 Qe7 17. Nge4 Nxe4 18. Nxe4 Kg7 19. Nd6 Rd8 20. Bh3 Nb6 21.
Nxc8 Nxc8 22. Rxd8 Qxd8 23. Rd1 Qf6 24. Rd7 Rb8 25. Qd2 Nb6 26. Rc7 e4 27. Qe3
Na8 28. Rd7 Rd8 29. Rxd8 Qxd8 30. Qxe4 Qd6 31. Bc8 Qc7 32. Qd4+ Kg8 33. Bh3 b6
34. Qf6 b5 35. c5 a4 36. b4 1-0

[Event "Oberliga Ost B"]
[Site "?"]
[Date "2022.03.05"]
[Round "8.5"]
[White "Rost, Detlef"]
[Black "Stork, Oliver"]
[Result "0-1"]
[WhiteElo "1899"]
[BlackElo "2313"]
[PlyCount "62"]
[EventDate "2021.10.10"]
[EventType "team-tourn"]
[EventCountry "GER"]
[WhiteTeam "Erfurt SV Medizin"]
[BlackTeam "Oberursel SV"]
[WhiteTeamCountry "GER"]
[BlackTeamCountry "GER"]

1. d4 Nf6 2. c4 c5 3. d5 g6 4. Nc3 Bg7 5. e4 O-O 6. Be2 e6 7. Bg5 d6 8. Qd2
exd5 9. exd5 Qb6 10. h3 Re8 11. Nf3 Bf5 12. O-O Ne4 13. Nxe4 Bxe4 14. Bd3 Bxf3
15. gxf3 Nd7 16. Rab1 Qc7 17. Rfe1 Bf6 18. Be3 Be5 19. f4 Bg7 20. f5 Ne5 21.
Be2 gxf5 22. Bh6 Qe7 23. Kh2 Qh4 24. Rg1 Ng6 25. Bxg7 Kxg7 26. Bd3 Qd4 27. Rbd1
Re5 28. f4 Re3 29. Rg3 Rae8 30. Rf1 Rxg3 31. Kxg3 Re3+ 0-1

[Event "Oberliga Ost B"]
[Site "?"]
[Date "2022.03.05"]
[Round "8.7"]
[White "Fischer, Dennis"]
[Black "Chandler, Patrick"]
[Result "0-1"]
[WhiteElo "1961"]
[BlackElo "2151"]
[PlyCount "74"]
[EventDate "2021.10.10"]
[EventType "team-tourn"]
[EventCountry "GER"]
[WhiteTeam "Erfurt SV Medizin"]
[BlackTeam "Oberursel SV"]
[WhiteTeamCountry "GER"]
[BlackTeamCountry "GER"]

1. g3 d5 2. Bg2 c6 3. Nf3 Bf5 4. O-O e6 5. b3 Be7 6. Bb2 Bf6 7. d4 Ne7 8. Nbd2
c5 9. c3 Nd7 10. Re1 cxd4 11. cxd4 O-O 12. e4 dxe4 13. Nxe4 Bxe4 14. Rxe4 Nd5
15. Rc1 Qa5 16. Re2 Rfc8 17. Rec2 Rxc2 18. Qxc2 N7b6 19. a3 g6 20. Ne5 Rd8 21.
Nc4 Qb5 22. a4 Qd7 23. Ne5 Qe8 24. a5 Nb4 25. Qc7 Bxe5 26. dxe5 N6d5 27. Qc4 a6
28. Bxd5 Nxd5 29. Ba3 Kg7 30. Bd6 h6 31. h4 Qd7 32. h5 g5 33. Kh2 Rg8 34. f4
gxf4 35. gxf4 Kh7 36. Kh1 f5 37. Qd4 Qg7 0-1

[Event "Oberliga Ost B"]
[Site "?"]
[Date "2022.03.05"]
[Round "8.8"]
[White "Haubt, Georg"]
[Black "Ulrich, Helena Irene"]
[Result "1-0"]
[WhiteElo "2120"]
[BlackElo "1582"]
[PlyCount "53"]
[EventDate "2021.10.10"]
[EventType "team-tourn"]
[EventCountry "GER"]
[WhiteTeam "Oberursel SV"]
[BlackTeam "Erfurt SV Medizin"]
[WhiteTeamCountry "GER"]
[BlackTeamCountry "GER"]

1. d4 Nf6 2. Bf4 g6 3. Nc3 Bg7 4. e4 d6 5. Qd2 O-O 6. Bh6 c5 7. d5 b6 8. h4 Na6
9. h5 Nc7 10. Be2 e6 11. hxg6 fxg6 12. g4 Qe7 13. Bxg7 Kxg7 14. g5 Nd7 15. Nh3
Bb7 16. O-O-O exd5 17. exd5 Ba6 18. Bxa6 Nxa6 19. Rde1 Qd8 20. Nf4 Nc7 21. Ne4
Ne5 22. Nf6 Rh8 23. Qc3 Qe7 24. Nd3 Qf7 25. Nxe5 dxe5 26. Qxe5 Kf8 27. Nd7+ 1-0

[Event "Oberliga Ost B"]
[Site "?"]
[Date "2022.03.05"]
[Round "8.1"]
[White "Legde, Georg"]
[Black "Hoffmann, Tim"]
[Result "1/2-1/2"]
[WhiteElo "2319"]
[BlackElo "2148"]
[PlyCount "119"]
[EventDate "2021.10.10"]
[EventType "team-tourn"]
[EventCountry "GER"]
[WhiteTeam "Moerlenbach Birkenau Freibauer"]
[BlackTeam "Gera ESV"]
[WhiteTeamCountry "GER"]
[BlackTeamCountry "GER"]

1. Nf3 Nf6 2. c4 e6 3. g3 d5 4. Bg2 Be7 5. O-O O-O 6. d4 b6 7. cxd5 exd5 8. Nc3
Bb7 9. Bf4 c5 10. Rc1 Nbd7 11. Qc2 Ne4 12. Rfd1 Rc8 13. dxc5 Bxc5 14. Nd4 Ndf6
15. Bh3 Bxd4 16. Rxd4 Rc5 17. Qd3 Qe7 18. Nxe4 Nxe4 19. b4 Rxc1+ 20. Bxc1 Qc7
21. Bf4 Qc3 22. Qxc3 Nxc3 23. Rd2 Ba6 24. Bf1 Bc4 25. e3 Rc8 26. Be5 Ne4 27.
Rc2 Ng5 28. Bg2 Rd8 29. Rd2 f6 30. Bc3 Kf7 31. f4 Ne6 32. Kf2 Ke7 33. a3 Nc7
34. Bb2 Nb5 35. e4 dxe4 36. Rxd8 Kxd8 37. Bxe4 h6 38. Ke3 Ke7 39. Bc2 Be6 40.
f5 Bd5 41. a4 Nd6 42. Kd4 Bf3 43. Ke3 Bd5 44. Bd4 Kd7 45. g4 Bc4 46. h4 Nf7 47.
Bd1 Kd6 48. Ke4 Bd5+ 49. Kf4 Bc4 50. Bf3 Ne5 51. Bxe5+ fxe5+ 52. Ke3 a5 53.
bxa5 bxa5 54. Bd1 Bd5 55. g5 hxg5 56. hxg5 Bc6 57. Bb3 Bd7 58. f6 gxf6 59. gxf6
Bxa4 60. Bxa4 1/2-1/2

[Event "Oberliga Ost B"]
[Site "?"]
[Date "2022.03.05"]
[Round "8.2"]
[White "Mueller, Magnus"]
[Black "Felgendreher, Heiko"]
[Result "1-0"]
[WhiteElo "1975"]
[BlackElo "2194"]
[PlyCount "59"]
[EventDate "2021.10.10"]
[EventType "team-tourn"]
[EventCountry "GER"]
[WhiteTeam "Gera ESV"]
[BlackTeam "Moerlenbach Birkenau Freibauer"]
[WhiteTeamCountry "GER"]
[BlackTeamCountry "GER"]

1. e4 c5 2. Nf3 d6 3. d4 cxd4 4. Nxd4 Nf6 5. Nc3 a6 6. Bg5 Nbd7 7. Qe2 g6 8. f4
Qc7 9. O-O-O Bg7 10. g4 O-O 11. f5 b5 12. h4 Bb7 13. Bg2 b4 14. Nd5 Bxd5 15.
exd5 Qa5 16. Kb1 Ne5 17. h5 Rac8 18. hxg6 Nc4 19. Rh3 Nd7 20. Nc6 Rxc6 21. dxc6
Ndb6 22. Bxe7 Na3+ 23. bxa3 bxa3 24. Bxf8 Kxf8 25. gxh7 Na4 26. h8=Q+ Bxh8 27.
Rxh8+ Kg7 28. f6+ Kxf6 29. Qf3+ Kg7 30. Rh7+ 1-0

[Event "Oberliga Ost B"]
[Site "?"]
[Date "2022.03.05"]
[Round "8.3"]
[White "Dittmar, Peter"]
[Black "Schubert, Nikita"]
[Result "1/2-1/2"]
[WhiteElo "2230"]
[BlackElo "1922"]
[PlyCount "73"]
[EventDate "2021.10.10"]
[EventType "team-tourn"]
[EventCountry "GER"]
[WhiteTeam "Moerlenbach Birkenau Freibauer"]
[BlackTeam "Gera ESV"]
[WhiteTeamCountry "GER"]
[BlackTeamCountry "GER"]

1. c4 Nf6 2. g3 e6 3. Bg2 d5 4. Nf3 Be7 5. O-O O-O 6. b3 c5 7. cxd5 Nxd5 8. Bb2
Nc6 9. a3 b6 10. Nc3 Bb7 11. Nxd5 Qxd5 12. Ne5 Qd6 13. Nxc6 Bxc6 14. Bxc6 Qxc6
15. Qc2 Rac8 16. Rfc1 Rfd8 17. d3 Qd5 18. Qc4 Bg5 19. Rc2 Qf5 20. Qa6 Rc7 21.
b4 Be7 22. Rc4 Rcd7 23. bxc5 Bxc5 24. Rf4 Qg5 25. d4 Bxd4 26. Bxd4 Rxd4 27.
Rxd4 Rxd4 28. Qxa7 Qd8 29. Rb1 Rd1+ 30. Rxd1 Qxd1+ 31. Kg2 Qd5+ 32. f3 Qd8 33.
Qb7 g6 34. Qe4 Qd6 35. a4 Qc5 36. h4 h5 37. f4 1/2-1/2

[Event "Oberliga Ost B"]
[Site "?"]
[Date "2022.03.05"]
[Round "8.4"]
[White "Liebold, Aaron"]
[Black "Boehmer, Christian"]
[Result "1/2-1/2"]
[WhiteElo "1976"]
[BlackElo "2176"]
[PlyCount "51"]
[EventDate "2021.10.10"]
[EventType "team-tourn"]
[EventCountry "GER"]
[WhiteTeam "Gera ESV"]
[BlackTeam "Moerlenbach Birkenau Freibauer"]
[WhiteTeamCountry "GER"]
[BlackTeamCountry "GER"]

1. e4 c6 2. Nc3 d5 3. Qe2 dxe4 4. Nxe4 g6 5. g3 Bg7 6. Bg2 Nf6 7. Nxf6+ Bxf6 8.
Nf3 Bf5 9. d3 O-O 10. O-O Nd7 11. Bg5 e5 12. Bxf6 Qxf6 13. Nd2 Rfe8 14. Ne4 Qe7
15. Rae1 Rad8 16. Qd2 Bxe4 17. Bxe4 Qc5 18. Bg2 Nf6 19. Qg5 Kg7 20. Re2 Qd4 21.
b3 a5 22. a4 Re7 23. Rfe1 Rde8 24. Qe3 Qc3 25. Qd2 Qc5 26. Qe3 1/2-1/2

[Event "Oberliga Ost B"]
[Site "?"]
[Date "2022.03.05"]
[Round "8.5"]
[White "Wohlfart, Paulus"]
[Black "Puschendorf, Steffen"]
[Result "1-0"]
[WhiteElo "2109"]
[BlackElo "2146"]
[PlyCount "69"]
[EventDate "2021.10.10"]
[EventType "team-tourn"]
[EventCountry "GER"]
[WhiteTeam "Moerlenbach Birkenau Freibauer"]
[BlackTeam "Gera ESV"]
[WhiteTeamCountry "GER"]
[BlackTeamCountry "GER"]

1. d4 d5 2. c4 c6 3. Nf3 e6 4. e3 f5 5. Bd3 Nf6 6. O-O Bd6 7. b3 O-O 8. Ba3 Ne4
9. Qc1 a5 10. Ne5 Bxa3 11. Qxa3 Nd7 12. Nxd7 Bxd7 13. f3 Nf6 14. Qd6 Qb8 15.
Qxb8 Raxb8 16. Nd2 Be8 17. cxd5 Nxd5 18. Nc4 b6 19. Kf2 Rf7 20. Rac1 Rc7 21. e4
Nb4 22. Bb1 fxe4 23. fxe4 c5 24. a3 Na6 25. d5 exd5 26. exd5 Rd7 27. Bf5 Rdd8
28. Be6+ Kh8 29. Kg3 Bd7 30. Rce1 Nc7 31. Bxd7 Rxd7 32. d6 Nd5 33. Ne5 Rdb7 34.
d7 Ra8 35. Nf7+ 1-0

[Event "Oberliga Ost B"]
[Site "?"]
[Date "2022.03.05"]
[Round "8.6"]
[White "Glaessl, Matthias"]
[Black "Schaefer, Michael"]
[Result "1/2-1/2"]
[WhiteElo "2164"]
[BlackElo "2149"]
[PlyCount "53"]
[EventDate "2021.10.10"]
[EventType "team-tourn"]
[EventCountry "GER"]
[WhiteTeam "Gera ESV"]
[BlackTeam "Moerlenbach Birkenau Freibauer"]
[WhiteTeamCountry "GER"]
[BlackTeamCountry "GER"]

1. e4 c5 2. Nf3 Nc6 3. d4 cxd4 4. Nxd4 g6 5. Nc3 Bg7 6. Be3 Nf6 7. Bc4 O-O 8.
Bb3 e6 9. Nxc6 dxc6 10. Qxd8 Rxd8 11. f3 b6 12. a4 Bd7 13. Kf2 Be8 14. Rhd1 Nd7
15. Bd4 Ne5 16. Be3 c5 17. Nb5 Nc6 18. c3 Na5 19. Bc2 Nc4 20. Bc1 Bc6 21. Na3
Rxd1 22. Bxd1 Ne5 23. Bc2 Rd8 24. Ke2 Bb7 25. Bg5 f6 26. Bf4 Ba6+ 27. Nb5
1/2-1/2

[Event "Oberliga Ost B"]
[Site "?"]
[Date "2022.03.05"]
[Round "8.7"]
[White "Wrede, Michael"]
[Black "Hilbig, Dieter"]
[Result "1-0"]
[WhiteElo "2140"]
[BlackElo "1979"]
[PlyCount "117"]
[EventDate "2021.10.10"]
[EventType "team-tourn"]
[EventCountry "GER"]
[WhiteTeam "Moerlenbach Birkenau Freibauer"]
[BlackTeam "Gera ESV"]
[WhiteTeamCountry "GER"]
[BlackTeamCountry "GER"]

1. d4 d5 2. Bf4 Nf6 3. e3 Bf5 4. Nf3 e6 5. Nbd2 Be7 6. h3 h6 7. Ne5 Nbd7 8.
Ndf3 a6 9. g4 Be4 10. Rg1 g5 11. Bg3 c5 12. c3 Qb6 13. Qb3 c4 14. Qxb6 Nxb6 15.
a4 a5 16. Be2 Bc2 17. Bd1 Bh7 18. Nd2 Rc8 19. Nb1 Ne4 20. Na3 Nxg3 21. fxg3 Be4
22. Nb5 f6 23. Nf3 O-O 24. Nd2 Bd3 25. Be2 Bc2 26. Bd1 Bxd1 27. Kxd1 f5 28.
gxf5 Rxf5 29. Ke2 Rcf8 30. Rgf1 Rxf1 31. Nxf1 Nc8 32. Nd2 Nd6 33. Nxd6 Bxd6 34.
g4 Rb8 35. b3 cxb3 36. Nxb3 b6 37. Rb1 Rc8 38. Kd3 Rf8 39. Nd2 Bc7 40. Rf1 Re8
41. c4 dxc4+ 42. Nxc4 Kg7 43. Rc1 Rf8 44. Nxa5 Bh2 45. Nc4 Rf3 46. Rh1 Bc7 47.
Ke2 Rf8 48. Rc1 Rb8 49. Na3 Bg3 50. Nb5 Kf6 51. Kf3 Bh4 52. Rc7 Ra8 53. Nd6 Be1
54. Nf7 Bb4 55. Ne5 Be7 56. Nd7+ Kf7 57. Nxb6 Rb8 58. Nc8 Kf8 59. Nxe7 1-0

[Event "Oberliga Ost B"]
[Site "?"]
[Date "2022.03.05"]
[Round "8.1"]
[White "Di Capua, Francesco Stefano"]
[Black "Siebarth, Raiko"]
[Result "0-1"]
[WhiteElo "1954"]
[BlackElo "2331"]
[PlyCount "82"]
[EventDate "2021.10.10"]
[EventType "team-tourn"]
[EventCountry "GER"]
[WhiteTeam "Gernsheim SK"]
[BlackTeam "Stadtilm SG BW"]
[WhiteTeamCountry "GER"]
[BlackTeamCountry "GER"]

1. e4 c5 2. Nf3 d6 3. d4 cxd4 4. Nxd4 Nf6 5. Nc3 a6 6. Bg5 e6 7. f4 Qb6 8. Qd2
Nc6 9. Bxf6 gxf6 10. Nb3 Bd7 11. O-O-O O-O-O 12. Kb1 Kb8 13. h4 Be7 14. Be2 h5
15. Bf3 Rh7 16. a3 Na5 17. Nxa5 Qxa5 18. Qe2 Rc8 19. Rd3 Bc6 20. f5 Qe5 21. Re1
Bd8 22. Red1 Bc7 23. Qd2 Rg8 24. fxe6 fxe6 25. Rd4 Rd8 26. Na2 f5 27. Nb4 Bxe4
28. Bxe4 fxe4 29. Qe2 d5 30. Nc6+ bxc6 31. Qxa6 Bd6 32. Qb6+ Kc8 33. Qxc6+ Rc7
34. Qb5 Rb7 35. Qa6 Kb8 36. c3 Bc5 37. Ra4 Qd6 38. Qe2 Rf8 39. Ra6 Qe5 40. Rf1
Rxf1+ 41. Qxf1 Qxc3 0-1

[Event "Oberliga Ost B"]
[Site "?"]
[Date "2022.03.05"]
[Round "8.2"]
[White "Schneider, Christian"]
[Black "Neumann, Martin"]
[Result "0-1"]
[WhiteElo "2229"]
[BlackElo "2101"]
[PlyCount "59"]
[EventDate "2021.10.10"]
[EventType "team-tourn"]
[EventCountry "GER"]
[WhiteTeam "Stadtilm SG BW"]
[BlackTeam "Gernsheim SK"]
[WhiteTeamCountry "GER"]
[BlackTeamCountry "GER"]

1. c4 e5 2. g3 Nc6 3. Bg2 f5 4. Nc3 Nf6 5. e3 Be7 6. Nge2 d5 7. Nxd5 Nxd5 8.
cxd5 Nb4 9. O-O Nxd5 10. Qb3 c6 11. Nc3 Nxc3 12. dxc3 Qb6 13. e4 Qxb3 14. axb3
O-O 15. Be3 a6 16. Bb6 f4 17. Rfd1 Be6 18. c4 g5 19. gxf4 gxf4 20. Bf3 Kf7 21.
Bc7 Kf6 22. Ra5 c5 23. Bd6 Rac8 24. Kf1 Rfd8 25. Bxe7+ Kxe7 26. Rxd8 Kxd8 27.
Be2 Ke7 28. f3 Kd6 29. Ra1 Kc6 30. Rd1 0-1

[Event "Oberliga Ost B"]
[Site "?"]
[Date "2022.03.05"]
[Round "8.3"]
[White "Hebbering, Tom Elliot"]
[Black "Dittrich, Tom"]
[Result "1/2-1/2"]
[WhiteElo "2230"]
[BlackElo "1975"]
[PlyCount "66"]
[EventDate "2021.10.10"]
[EventType "team-tourn"]
[EventCountry "GER"]
[WhiteTeam "Gernsheim SK"]
[BlackTeam "Stadtilm SG BW"]
[WhiteTeamCountry "GER"]
[BlackTeamCountry "GER"]

1. d4 Nf6 2. c4 g6 3. Nc3 Bg7 4. Nf3 O-O 5. e4 d6 6. h3 e5 7. d5 Nh5 8. g3 f5
9. exf5 gxf5 10. Ng5 Nf6 11. g4 Qe8 12. gxf5 Bxf5 13. Be3 a6 14. Rg1 Kh8 15.
Be2 h6 16. Nf3 Nbd7 17. Qd2 Ng8 18. Rg3 Ndf6 19. Nh4 Bh7 20. O-O-O Nh5 21. Bxh5
Qxh5 22. Rdg1 Bf6 23. Nf3 b5 24. a3 bxc4 25. Qd1 Rab8 26. Nd2 Qxd1+ 27. Rxd1
Bg5 28. Nxc4 Bxe3+ 29. fxe3 Rf2 30. Rd2 Rf1+ 31. Rd1 Rf2 32. Rd2 Rf1+ 33. Rd1
Rf2 1/2-1/2

[Event "Oberliga Ost B"]
[Site "?"]
[Date "2022.03.05"]
[Round "8.4"]
[White "Siebarth, Marco"]
[Black "Mueller, Maximilian"]
[Result "1/2-1/2"]
[WhiteElo "2019"]
[BlackElo "2311"]
[PlyCount "68"]
[EventDate "2021.10.10"]
[EventType "team-tourn"]
[EventCountry "GER"]
[WhiteTeam "Stadtilm SG BW"]
[BlackTeam "Gernsheim SK"]
[WhiteTeamCountry "GER"]
[BlackTeamCountry "GER"]

1. e4 e5 2. Nf3 Nc6 3. Bb5 Nf6 4. O-O Nxe4 5. Re1 Nd6 6. Nxe5 Be7 7. Bf1 Nxe5
8. Rxe5 O-O 9. d4 Bf6 10. Re1 Nf5 11. d5 d6 12. Nd2 Nh4 13. g3 Ng6 14. Ne4 Be7
15. f4 Bf5 16. a4 c6 17. a5 Qd7 18. b3 Rfe8 19. Bb2 Bf8 20. Bg2 Rac8 21. c4 c5
22. Qd2 Re7 23. Nf2 Rce8 24. h4 Bg4 25. Bc3 Qf5 26. Rxe7 Rxe7 27. Re1 h5 28.
Be4 Qd7 29. Qc2 Re8 30. Bxg6 Rxe1+ 31. Bxe1 fxg6 32. Nxg4 Qxg4 33. Qe4 Kf7 34.
Kf2 Be7 1/2-1/2

[Event "Oberliga Ost B"]
[Site "?"]
[Date "2022.03.05"]
[Round "8.6"]
[White "Neubauer, Andreas"]
[Black "Schupp, Uwe"]
[Result "1-0"]
[WhiteElo "2142"]
[BlackElo "2118"]
[PlyCount "85"]
[EventDate "2021.10.10"]
[EventType "team-tourn"]
[EventCountry "GER"]
[WhiteTeam "Stadtilm SG BW"]
[BlackTeam "Gernsheim SK"]
[WhiteTeamCountry "GER"]
[BlackTeamCountry "GER"]

1. e4 d6 2. d4 Nf6 3. Nc3 e5 4. Nge2 exd4 5. Nxd4 Be7 6. g3 O-O 7. Bg2 c6 8.
O-O Re8 9. h3 Bf8 10. Be3 Nbd7 11. Re1 Nc5 12. f3 a5 13. Qd2 Qc7 14. Qf2 g6 15.
Nb3 Nfd7 16. Red1 a4 17. Nxc5 Nxc5 18. Bxc5 dxc5 19. f4 Qb6 20. e5 Bf5 21. Rab1
h5 22. Kh2 Qb4 23. Qe2 h4 24. a3 hxg3+ 25. Kxg3 Qa5 26. Be4 Be6 27. Rg1 Bg7 28.
h4 Qc7 29. Rbd1 Qb6 30. h5 g5 31. h6 Bh8 32. Qh5 g4 33. Kh4 Qxb2 34. Rg3 Rab8
35. Rb1 Qxa3 36. Nd5 Qa2 37. Nf6+ Kf8 38. Nh7+ Ke7 39. Rd1 Rg8 40. Nf6 Bxf6+
41. exf6+ Kxf6 42. Qe5+ Ke7 43. f5 1-0

[Event "Oberliga Ost B"]
[Site "?"]
[Date "2022.03.05"]
[Round "8.7"]
[White "Lukas, Anne"]
[Black "Schroeter, Maik"]
[Result "1-0"]
[WhiteElo "2033"]
[BlackElo "1947"]
[PlyCount "111"]
[EventDate "2021.10.10"]
[EventType "team-tourn"]
[EventCountry "GER"]
[WhiteTeam "Gernsheim SK"]
[BlackTeam "Stadtilm SG BW"]
[WhiteTeamCountry "GER"]
[BlackTeamCountry "GER"]

1. Nf3 c5 2. g3 Nc6 3. c4 g6 4. Bg2 Bg7 5. O-O e5 6. Nc3 Nge7 7. d3 O-O 8. Bd2
d6 9. a3 h6 10. Rb1 g5 11. b4 Ng6 12. bxc5 dxc5 13. Nd5 Nce7 14. Be3 Nxd5 15.
cxd5 b6 16. Nd2 Bd7 17. a4 Rb8 18. a5 Qc8 19. axb6 axb6 20. Nc4 b5 21. Nd6 Qc7
22. Ne4 c4 23. Bc5 f5 24. Bxf8 Kxf8 25. d6 Qb6 26. Nc3 e4 27. Nxb5 cxd3 28. Na3
Qxd6 29. Rxb8+ Qxb8 30. exd3 exd3 31. Qxd3 Ne5 32. Qa6 Ng4 33. Qa8 Qxa8 34.
Bxa8 Bd4 35. Kg2 Bxf2 36. Rxf2 Nxf2 37. Kxf2 f4 38. gxf4 gxf4 39. Kf3 Kg7 40.
Kxf4 Kf6 41. Nc4 Ba4 42. Nd6 Bd7 43. Bf3 Ba4 44. Kg4 Bc2 45. Kh5 Kg7 46. Ne8+
Kf7 47. Bc6 Kg8 48. Kxh6 Kh8 49. Nd6 Bb3 50. Bb5 Bd5 51. Bc4 Be6 52. h4 Bd5 53.
Kg6 Be6 54. Kf6 Bg4 55. Nf7+ Kh7 56. Bd3+ 1-0

[Event "Oberliga Ost B"]
[Site "?"]
[Date "2022.03.05"]
[Round "8.8"]
[White "Schmidt, Daniel"]
[Black "Nies, Peter"]
[Result "1-0"]
[WhiteElo "1865"]
[BlackElo "2039"]
[PlyCount "127"]
[EventDate "2021.10.10"]
[EventType "team-tourn"]
[EventCountry "GER"]
[WhiteTeam "Stadtilm SG BW"]
[BlackTeam "Gernsheim SK"]
[WhiteTeamCountry "GER"]
[BlackTeamCountry "GER"]

1. c4 Nf6 2. Nc3 c5 3. g3 e6 4. Bg2 d5 5. cxd5 exd5 6. d4 cxd4 7. Qxd4 Nc6 8.
Qd1 d4 9. Ne4 Bb4+ 10. Bd2 Nxe4 11. Bxe4 Qe7 12. Bxc6+ bxc6 13. Bxb4 Qxb4+ 14.
Qd2 Qxd2+ 15. Kxd2 O-O 16. Nf3 Rd8 17. Rhc1 f6 18. Rc4 Rb8 19. b3 Ba6 20. Rxd4
Rxd4+ 21. Nxd4 Rd8 22. Kc3 c5 23. Ne6 Rc8 24. Rd1 Rc6 25. Nf4 g5 26. Rd8+ Kf7
27. Nd3 Ke6 28. e3 Rc7 29. Nb2 h5 30. Rh8 Kf5 31. Rxh5 Kg4 32. Rh6 Rf7 33. h4
Bf1 34. hxg5 fxg5 35. Rh2 Rd7 36. Rh1 Be2 37. f4 gxf4 38. gxf4 Kf3 39. Nc4 Rd3+
40. Kc2 Rd8 41. Rh3+ Kf2 42. Ne5 Ke1 43. Kc3 Kf2 44. e4 Kg2 45. Rh7 Kg3 46. f5
Kf4 47. Re7 Rd6 48. Nd7 a5 49. f6 Rd3+ 50. Kc2 Ke3 51. Nxc5 Rd2+ 52. Kb1 Rd1+
53. Kb2 Rf1 54. Nd7 Bd3 55. Re5 Rf2+ 56. Ka3 Bb1 57. Rxa5 Bxe4 58. Kb4 Bc6 59.
Ne5 Rf4+ 60. Kc5 Be8 61. Kd6 Ke4 62. Ke7 Rf2 63. Ng4 Re2 64. Re5+ 1-0

[Event "Oberliga Ost B"]
[Site "?"]
[Date "2022.03.05"]
[Round "8.1"]
[White "Heinatz, Thomas"]
[Black "Grabarczyk, Bogdan"]
[Result "0-1"]
[WhiteElo "2307"]
[BlackElo "2380"]
[PlyCount "102"]
[EventDate "2021.10.10"]
[EventType "team-tourn"]
[EventCountry "GER"]
[WhiteTeam "Schoeneck SF"]
[BlackTeam "Griesheim SV"]
[WhiteTeamCountry "GER"]
[BlackTeamCountry "GER"]

1. e4 c5 2. Nc3 Nc6 3. Nf3 g6 4. Bb5 Bg7 5. O-O Nf6 6. Re1 O-O 7. e5 Ng4 8.
Bxc6 dxc6 9. h3 Nh6 10. d3 Nf5 11. Ne4 b6 12. Bf4 Nd4 13. Nfd2 Qc7 14. Ng5 Ne6
15. Nxe6 Bxe6 16. Qf3 Qd7 17. Qe3 Qd4 18. Qxd4 cxd4 19. b4 Rfd8 20. Nb3 Rd5 21.
a4 h6 22. a5 Rad8 23. axb6 axb6 24. Nd2 g5 25. Bg3 Rb5 26. Ra4 Kh7 27. f4 gxf4
28. Bxf4 Kg6 29. Nc4 Rd7 30. Re2 Rb7 31. Nd2 Bd5 32. Nc4 c5 33. bxc5 bxc5 34.
Kh2 Rb1 35. Rf2 Re1 36. Ra6+ e6 37. Nd6 Rd7 38. Ra5 Bxe5 39. Ne8 Bxf4+ 40. Rxf4
f5 41. Rxc5 Re2 42. Kg3 e5 43. Rf1 f4+ 44. Kh4 Bxg2 45. Ra1 Kf7 46. Rc8 Re3 47.
Ra6 Rxh3+ 48. Kg4 Rg3+ 49. Kh5 Bf3+ 50. Kxh6 Rh3+ 51. Kg5 Rh5# 0-1

[Event "Oberliga Ost B"]
[Site "?"]
[Date "2022.03.05"]
[Round "8.2"]
[White "Nothnagel, Holger"]
[Black "Nazarenus, Moritz"]
[Result "1-0"]
[WhiteElo "2318"]
[BlackElo "2232"]
[PlyCount "37"]
[EventDate "2021.10.10"]
[EventType "team-tourn"]
[EventCountry "GER"]
[WhiteTeam "Griesheim SV"]
[BlackTeam "Schoeneck SF"]
[WhiteTeamCountry "GER"]
[BlackTeamCountry "GER"]

1. b3 e5 2. Bb2 Nc6 3. Nf3 e4 4. Nd4 Nf6 5. e3 d5 6. c4 Be7 7. cxd5 Nxd4 8.
Bxd4 Qxd5 9. Nc3 Qa5 10. Qc2 O-O 11. Nxe4 Nd5 12. a3 c6 13. Bd3 Bg4 14. Nc5
Bxc5 15. Bxc5 Rfe8 16. Bxh7+ Kh8 17. O-O g6 18. Bxg6 fxg6 19. b4 1-0

[Event "Oberliga Ost B"]
[Site "?"]
[Date "2022.03.05"]
[Round "8.3"]
[White "Meyer, Kai Christian"]
[Black "Koehler, Ronald"]
[Result "0-1"]
[WhiteElo "2230"]
[BlackElo "2182"]
[PlyCount "58"]
[EventDate "2021.10.10"]
[EventType "team-tourn"]
[EventCountry "GER"]
[WhiteTeam "Schoeneck SF"]
[BlackTeam "Griesheim SV"]
[WhiteTeamCountry "GER"]
[BlackTeamCountry "GER"]

1. d4 Nf6 2. Nf3 e6 3. c3 b6 4. Bg5 Bb7 5. Nbd2 Be7 6. a4 a6 7. e3 h6 8. Bxf6
Bxf6 9. a5 d6 10. Bd3 Nd7 11. Qe2 b5 12. b4 c5 13. c4 bxc4 14. Nxc4 Qc7 15.
bxc5 dxc5 16. O-O O-O 17. Rfb1 cxd4 18. exd4 Rfd8 19. Nb6 Rab8 20. Nxd7 Qxd7
21. Bxa6 Bxf3 22. Qxf3 Bxd4 23. Rxb8 Rxb8 24. Rd1 Bxf2+ 25. Kxf2 Qa7+ 26. Kg3
Qxa6 27. Rd7 Rf8 28. Qa3 Qb5 29. Rd6 Rc8 0-1

[Event "Oberliga Ost B"]
[Site "?"]
[Date "2022.03.05"]
[Round "8.4"]
[White "Liard, Thibaud"]
[Black "Kirchner, Markus"]
[Result "0-1"]
[WhiteElo "2178"]
[BlackElo "1963"]
[PlyCount "58"]
[EventDate "2021.10.10"]
[EventType "team-tourn"]
[EventCountry "GER"]
[WhiteTeam "Griesheim SV"]
[BlackTeam "Schoeneck SF"]
[WhiteTeamCountry "GER"]
[BlackTeamCountry "GER"]

1. Nf3 f5 2. c4 Nf6 3. g3 g6 4. Bg2 Bg7 5. O-O d6 6. d4 O-O 7. Nc3 Qe8 8. d5
Na6 9. Nd4 Nc5 10. b3 Bd7 11. Bb2 a5 12. a3 Ng4 13. e3 Ne5 14. Rb1 g5 15. f4
Ng4 16. Re1 Qh5 17. h3 Nf6 18. Nde2 Qg6 19. b4 axb4 20. axb4 Nce4 21. Nxe4 Nxe4
22. Bxg7 Qxg7 23. Qc2 Ra3 24. Qc1 Rfa8 25. c5 Bb5 26. cxd6 cxd6 27. Qc7 Bxe2
28. Rxe2 gxf4 29. gxf4 Qg3 0-1

[Event "Oberliga Ost B"]
[Site "?"]
[Date "2022.03.05"]
[Round "8.5"]
[White "Weiss, Matthias"]
[Black "Flach, Erich"]
[Result "0-1"]
[WhiteElo "2040"]
[BlackElo "2058"]
[PlyCount "124"]
[EventDate "2021.10.10"]
[EventType "team-tourn"]
[EventCountry "GER"]
[WhiteTeam "Schoeneck SF"]
[BlackTeam "Griesheim SV"]
[WhiteTeamCountry "GER"]
[BlackTeamCountry "GER"]

1. e4 c5 2. Nf3 e6 3. c3 Nf6 4. e5 Nd5 5. d4 cxd4 6. cxd4 b6 7. Nc3 Nxc3 8.
bxc3 Qc7 9. Bd2 Bb7 10. Bd3 d6 11. O-O Nd7 12. Re1 dxe5 13. Nxe5 Nxe5 14. Rxe5
Bd6 15. Rh5 g6 16. Rh3 Bf4 17. Bb5+ Kf8 18. Qc1 Bxd2 19. Qxd2 h5 20. Re1 Kg7
21. Re5 Rad8 22. Qe3 Rd5 23. Be2 Rxe5 24. dxe5 Qe7 25. Qd2 Rd8 26. Rd3 Rxd3 27.
Qxd3 Qg5 28. g3 Qxe5 29. f4 Qd5 30. Qxd5 Bxd5 31. a3 Kf6 32. Kf2 e5 33. fxe5+
Kxe5 34. Ke3 Be6 35. Ba6 Bh3 36. Bb7 g5 37. Bc6 f5 38. Bb7 f4+ 39. gxf4+ gxf4+
40. Kf2 h4 41. Bc6 Bg4 42. Bb7 Kd6 43. Be4 Kc5 44. Bd3 Kd5 45. Ba6 Ke4 46. Bb5
Bd1 47. Ba6 Bb3 48. Bb5 Bd5 49. Bf1 Bb3 50. Ba6 Bc2 51. Bb5 Bd3 52. Bc6+ Kf5
53. Bd7+ Ke5 54. Be8 Be4 55. Bb5 Kd6 56. Ba6 Kc5 57. Bf1 Bc6 58. Be2 Bb5 59.
Bh5 Bd3 60. Bf7 Be4 61. Ba2 Bd5 62. Bb1 Kb5 0-1